LEADER 01205nam a2200253 i 4500 001 000000201437 003 CaOOAMICUS 005 20110429000000.0 008 110429s1923 it u000 u ita u 013 $a180138 040 $aSeMil$bita 100 1 $aKopff, Augusto.$0(OLS)http://semarc/name/72796 245 12$aI fondamenti della relatività einsteiniana /$cAugusto Kopff ; edizione italiana a cura di Rafaele Contu e Tomaso Bembo ; prefazione di G. Armellini ; negli scritti originali di E. Bianchi ... [et al.]. 260 $aMilano :$bHoepli,$c1923. 300 $aXXX, 455 p. ;$c23 cm. 500 $aContiene : Bibliografia ; Formulario ; Indici. 650 4$aTeoria della relatività.$0(OLS)http://semarc/subject/8146 700 1 $aBianchi, Emilio.$0(OLS)http://semarc/name/18613 700 1 $aArmellini, Giuseppe,$d<1887-1958>.$0(OLS)http://semarc/name/11213 700 1 $aBembo, Tomaso.$0(OLS)http://semarc/name/72797 850 $aSeMil 852 $aSeMil$W1$xVenegono$y1$m3W IV 301$j151963$B151963$CSeMilBibl$Z2$F163117 $81 996 $6245$aI fondamenti della relatività einsteiniana$9(OLS)http://semarc/title/291496 996 $6260$aMilano :$bHoepli$9(OLS)http://semarc/publisher/31184 LEADER 01343nam a2200301 i 4500 001 000000114821 003 CaOOAMICUS 005 20030430000000.0 008 030430s1996 it u000 u ita u 013 $a87509 020 $a88-85140-26-2 040 $aSeMil$bita 100 1 $aNovak, Michael,$d<1933-2017>.$0(OLS)http://semarc/name/90467 240 10$aThis Hemisphere of Liberty : a Philosophy of the Americas.$0(OLS)http://semarc/title/167944 245 10$aQuesto emisfero di libertà :$buna filosofia delle Americhe /$cMichael Novak ; introduzione di Dario Antiseri. 260 $aMacerata :$bLiberilibri,$c1996. 300 $aXXXI, 204 p. ;$c20 cm. 500 $aFondo Card. C.M. Martini. 650 4$aEconomia - Concezione cristiana.$0(OLS)http://semarc/subject/5356 650 4$aEtica sociale.$0(OLS)http://semarc/subject/331 700 1 $aAntiseri, Dario,$d<1940- >.$0(OLS)http://semarc/name/3807 850 $aSeMil 852 $aSeMil$W1$xVenegono$y1$m3M I 41$j70364$B70364$CSeMilBibl$Z2$F101684 $81 941 1 $a4 961 $aOmaggio: Martini Card. Carlo Maria 996 $6020$a88-85140-26-2$9(OLS)http://semarc/number/98310 996 $6245$aQuesto emisfero di libertà :$buna filosofia delle Americhe$9(OLS)http://semarc/title/167943 996 $6260$aMacerata :$bLiberilibri$9(OLS)http://semarc/publisher/31966